000
00231nmm a2200085Ia 4500
008
220120s9999||||xx |||||||||||||||||und||
100
_a
LFY
_9
10674
245
0
_a
Linux's most wanted softwares latest FC-4 updates, games
260
_c
2005
999
_c
138641
_d
138641